All Copa America Winners - Statistics

General Stats
  • This quiz has been taken 464 times
  • The average score is 45 of 46
Answer Stats
Year Winner % Correct
1921 Argentina
99%
1925 Argentina
99%
1927 Argentina
99%
1929 Argentina
99%
1937 Argentina
99%
1941 Argentina
99%
1945 Argentina
99%
1946 Argentina
99%
1947 Argentina
99%
1955 Argentina
99%
1957 Argentina
99%
1959 Argentina
99%
1991 Argentina
99%
1993 Argentina
99%
2021 Argentina
99%
1919 Brazil
99%
1922 Brazil
99%
1949 Brazil
99%
1989 Brazil
99%
1997 Brazil
99%
1999 Brazil
99%
2004 Brazil
99%
2007 Brazil
99%
2019 Brazil
99%
1916 Uruguay
98%
1917 Uruguay
98%
1920 Uruguay
98%
1923 Uruguay
98%
1924 Uruguay
98%
1926 Uruguay
98%
1935 Uruguay
98%
1942 Uruguay
98%
1956 Uruguay
98%
1967 Uruguay
98%
1983 Uruguay
98%
1987 Uruguay
98%
1995 Uruguay
98%
2011 Uruguay
98%
2015 Chile
96%
2016 Chile
96%
2001 Colombia
94%
1939 Peru
91%
1975 Peru
91%
1953 Paraguay
90%
1979 Paraguay
90%
1963 Bolivia
89%
No matching quizzes found
Score Distribution
Percent of People with Each Score
Percentile by Number Answered
Your Score History
You have not taken this quiz